000 00297nam a22001337a 4500
008 170329b xxu||||| |||| 00| 0 eng d
020 _a9780205420636
041 _aeng
080 _25 ED
_a616-053.2
100 _a8
101 _aSHM
245 _aINFANTS AND CHILDREN
_cBERK.L.E
942 _2udc
_cBK
999 _c8922
_d8922